Normal view
MARC view
Entry Personal Name
001 - CONTROL NUMBER
- control field: 20646
003 - CONTROL NUMBER IDENTIFIER
- control field: OSt
005 - DATE AND TIME OF LATEST TRANSACTION
- control field: 20220615155016.0
008 - FIXED-LENGTH DATA ELEMENTS
- fixed length control field: 220615|| aca||aabn | a|a d
040 ## - CATALOGING SOURCE
- Original cataloging agency: OSt
- Transcribing agency: OSt
100 ## - HEADING--PERSONAL NAME
- Personal name: Caistor, Nick
- Relator term: Translator.
670 ## - SOURCE DATA FOUND
- Source citation: Work cat.: (OSt): Allende, Isabel. 20642, A long petal of the sea:, 2020.